000
00196 a2200097 4500
001
45935
100
_a
Juba B
245
_a
Swimming
260
_a
London
_b
Stanley Paul
_c
090
_c
29051
_d
29051
942
_a
NUST-CAE
_c
M
_c
21171
999
_c
281008
_d
281008